000 00435pab a2200157 454500
008 180718b1997 xxu||||| |||| 00| 0 eng d
100 _aNaik, Gopal
245 _aJoint forest management: factors influencing household participation
260 _c1997
300 _ap.3084-089
362 _a29 Nov
650 _aForest management - India
650 _aForest management
773 _aEconomic and Political Weekly
909 _a36151
999 _c36151
_d36151